| 000 | 00514nam a2200145 4500 | ||
|---|---|---|---|
| 001 | 3172 | ||
| 005 | 20181127170628.0 | ||
| 090 | 0 | 0 | _a332.11095498 R8884a |
| 110 |
_aRoyal Monetary Authority of Bhutan. _b _c _d _e _n _p |
||
| 245 | 0 | 0 |
_aRoyal Monetary Authority of Bhutan : _bAnnual report / _cRoyal Monetary Authority of Bhutan. _h |
| 260 | 0 | 0 |
_aThimphu : _bRoyal Monetary Authority of Bhutan, _c2011- |
| 500 | 0 | 0 | _aPublished from 2011. |
| 650 | 0 | 0 |
_aBanks and banking, Central --Bhutan. _x |
| 999 |
_c2559 _d2559 |
||